[Event "XVI Open"]
[Site "Porto San Giorgio ITA"]
[Date "2004.08.24"]
[Round "4"]
[White "Efimov,I"]
[Black "Zaja,I"]
[Result "1/2-1/2"]
[WhiteElo "2491"]
[BlackElo "2452"]

1.c4 Nf6 2.Nc3 e6 3.d4 Bb4 4.Nf3 b6 5.Qb3 a5 6.Bg5 h6 7.Bh4 Bb7 8.e3 d6 9.Be2 Nbd7
10.O-O Bxc3 11.Bxf6  1/2-1/2

[Event "1st Autumn"]
[Site "Alushta UKR"]
[Date "2004.08.28"]
[Round "1"]
[White "Tishin,D"]
[Black "Obukhov,A"]
[Result "0-1"]
[WhiteElo "2372"]
[BlackElo "2475"]

1.d4 Nf6 2.c4 e6 3.Nc3 Bb4 4.Nf3 b6 5.Bg5 h6 6.Bh4 Bb7 7.e3 g5 8.Bg3 Ne4
9.Rc1 Bxc3+ 10.bxc3 d6 11.Nd2 Nxg3 12.hxg3 Nd7 13.e4 Qe7 14.Bd3 O-O-O 15.Qa4 Kb8
16.Rb1 f5 17.Kd1 Qf7 18.exf5 exf5 19.f3 h5 20.Qb5 Rdf8 21.a4 a5 22.c5 dxc5
23.Nc4 cxd4 24.Nxa5 dxc3 25.Nxb7 Qa2 26.Bc2 Kxb7 27.a5 Rd8  0-1

[Event "VI Sants Open"]
[Site "Barcelona ESP"]
[Date "2004.08.28"]
[Round "1"]
[White "Rebollo Peralta,S"]
[Black "Stocek,J"]
[Result "0-1"]
[WhiteElo "2031"]
[BlackElo "2557"]

1.d4 Nf6 2.c4 e6 3.Nc3 Bb4 4.Nf3 c5 5.e3 Nc6 6.Bd2 cxd4 7.exd4 O-O 8.Bd3 d5
9.a3 Bxc3 10.bxc3 Ne4 11.O-O Nxd2 12.Qxd2 dxc4 13.Bxc4 b6 14.Rfe1 Bb7 15.Qd3 Rc8
16.Re3 g6 17.Rae1 Ne7 18.Ba2 Nf5 19.Re5 Qc7 20.c4 Bxf3 21.gxf3 Rfd8  0-1

[Event "TCh-CRO"]
[Site "Rabac CRO"]
[Date "2004.09.07"]
[Round "3"]
[White "Pinter,J"]
[Black "Zelcic,R"]
[Result "1-0"]
[WhiteElo "2512"]
[BlackElo "2521"]

1.d4 Nf6 2.Nf3 e6 3.c4 Bb4+ 4.Nc3 c5 5.e3 d5 6.Bd3 O-O 7.O-O cxd4 8.exd4 dxc4
9.Bxc4 b6 10.Bg5 Bb7 11.Re1 Nbd7 12.Rc1 Rc8 13.Bd3 Bxc3 14.bxc3 Re8 15.Bb5 Bc6
16.Ba6 Rb8 17.Bf4 b5 18.c4 Rb6 19.cxb5 Bxb5 20.Bc7 Qa8 21.Bxb6 Bxa6 22.Bc7 Bb7
23.Be5 h6 24.Rc7 Bc6 25.Bxf6 Nxf6 26.Ne5 Bxg2 27.f3 Bh3 28.Rxf7 a5 29.Qc2 Bf5
30.Qc7 Nd5 31.Rxg7+ Kh8 32.Qb7 Qxb7 33.Rxb7  1-0

[Event "TCh-CRO"]
[Site "Rabac CRO"]
[Date "2004.09.11"]
[Round "7"]
[White "Lalic,B"]
[Black "Zelcic,R"]
[Result "1/2-1/2"]
[WhiteElo "2527"]
[BlackElo "2521"]

1.d4 Nf6 2.c4 e6 3.Nf3 Bb4+ 4.Nc3 c5 5.g3 cxd4 6.Nxd4 Ne4 7.Qd3 Bxc3+ 8.bxc3 Nc5
9.Qe3 b6 10.Bg2 Bb7 11.Bxb7 Nxb7 12.Qf3 Nc6 13.Nxc6 dxc6 14.Qxc6+ Qd7  1/2-1/2

[Event "TCh-SCG Men"]
[Site "Budva SCG"]
[Date "2004.09.12"]
[Round "5"]
[White "Ivanisevic,I"]
[Black "Lajthajm,B"]
[Result "1-0"]
[WhiteElo "2544"]
[BlackElo "2460"]

1.d4 Nf6 2.c4 e6 3.Nf3 Bb4+ 4.Nc3 c5 5.g3 O-O 6.Bg2 cxd4 7.Nxd4 Nc6 8.O-O Qa5
9.Bf4 Bxc3 10.bxc3 e5 11.Nb3 Qa4 12.Bg5 Qxc4 13.Bxf6 gxf6 14.Nd2 Qe6 15.Ne4 d6
16.Qd2 Rd8 17.Qh6  1-0

[Event "ProMoPro Open"]
[Site "Prague CZE"]
[Date "2004.09.12"]
[Round "2"]
[White "Trnka,J"]
[Black "Sodoma,J"]
[Result "1/2-1/2"]
[WhiteElo "1880"]
[BlackElo "2203"]

1.d4 Nf6 2.c4 e6 3.Nc3 Bb4 4.Nf3 b6 5.a3 Bxc3+ 6.bxc3 d6 7.g3 O-O 8.Bg2 Bb7
9.O-O Nc6 10.Nd2 Na5 11.Bxb7 Nxb7 12.e4 e5 13.Bb2 Re8 14.Re1 Qd7 15.f3 Na5
16.a4 Qc6 17.Qe2 g6 18.Kg2 Nh5 19.Qd3 Rad8 20.Rf1 Qd7 21.Rf2 f5 22.Nf1 Qf7
23.Nd2 Qf6 24.Rh1 Qg5 25.Kf1 Ng7 26.Bc1 fxe4 27.fxe4 Qg4 28.Kg2 h5 29.Qf3 Qxf3+
30.Rxf3 Rf8 31.Rhf1 Rxf3 32.Rxf3 Rf8 33.Rxf8+ Kxf8 34.Ba3 Nc6 35.Nf3 Kf7
36.dxe5 Nxe5 37.Nxe5+ dxe5 38.c5 Ke6 39.cxb6 cxb6 40.c4 Ne8 41.c5 bxc5 42.Bxc5 a6
43.Kf3 Nd6 44.Bb4 Nc4 45.Ke2 Kd7 46.h3 Kc6 47.Kf3 Nb6 48.Bc3 Nxa4 49.Bxe5 Nc5
50.Bc3 Ne6 51.Bf6 Kc5 52.g4 hxg4+ 53.Kxg4 Kc4 54.Ba1 Kd3 55.e5 a5 56.h4 Ke4
57.h5 gxh5+ 58.Kxh5 Kf5 59.Kh4 Kf4 60.Kh5  1/2-1/2

[Event "5th YM"]
[Site "Lausanne SUI"]
[Date "2004.09.20"]
[Round "3.3"]
[White "Carlsen,M"]
[Black "Lahno,Kateri"]
[Result "1/2-1/2"]
[WhiteElo "2567"]
[BlackElo "2472"]

1.d4 Nf6 2.c4 e6 3.Nc3 Bb4 4.Nf3 c5 5.g3 cxd4 6.Nxd4 Ne4 7.Qd3 Bxc3+ 8.bxc3 Nc5
9.Qe3 b6 10.Bg2 Bb7 11.Ba3  1/2-1/2

[Event "Monarch Assurance"]
[Site "Port Erin IOM"]
[Date "2004.09.29"]
[Round "5"]
[White "Moiseenko,A"]
[Black "Ghaem Maghami,E"]
[Result "0-1"]
[WhiteElo "2640"]
[BlackElo "2552"]

1.d4 Nf6 2.c4 e6 3.Nc3 Bb4 4.Nf3 c5 5.g3 Ne4 6.Qd3 Qa5 7.Qxe4 Bxc3+ 8.Bd2 Bxd2+
9.Nxd2 d6 10.Bg2 O-O 11.a3 Nc6 12.dxc5 dxc5 13.Rd1 Rd8 14.Qe3 Nd4 15.O-O Bd7
16.b4 cxb4 17.axb4 Qxb4 18.Qxd4 Ba4 19.Rb1 Qxd2 20.Qxd2 Rxd2 21.Bxb7 Rad8
22.c5 R2d7 23.c6 Rc7 24.Rfc1 Rb8 25.Ra1 Bb5 26.Rxa7 Bxe2 27.f4 Bf3 28.Kf2 Bd5
29.Ke3 Kf8 30.Ra6 Ke7 31.Rc3 Rbxb7 32.cxb7 Rxc3+ 33.Kd4 Bxb7  0-1

[Event "Monarch Assurance"]
[Site "Port Erin IOM"]
[Date "2004.09.30"]
[Round "6"]
[White "Milov,V"]
[Black "Sprenger,J"]
[Result "1/2-1/2"]
[WhiteElo "2683"]
[BlackElo "2477"]

1.d4 Nf6 2.c4 e6 3.Nc3 Bb4 4.Nf3 c5 5.e3 O-O 6.Bd3 d5 7.O-O cxd4 8.exd4 dxc4
9.Bxc4 b6 10.Qd3 Bb7 11.Bg5 Nbd7 12.Rfd1 Bxc3 13.bxc3 Qc7 14.Bb3 Ne4 15.c4 Nxg5
16.Nxg5 Nf6 17.d5 Qf4 18.Qg3 Qxg3 19.hxg3 h6 20.Nf3 Ne4 21.dxe6 fxe6 22.Bc2 Rad8
23.Bxe4 Bxe4 24.Ne5 Bc2 25.Rdc1 Be4 26.Re1 Rd4 27.Rad1 Rfd8 28.Rxd4 Rxd4
29.f3 Bb7 30.Kf2 Rd2+ 31.Re2 Rxe2+ 32.Kxe2 Kf8 33.Ke3 Ke7 34.Kd4 Kd6 35.g4 Ba8
36.a3 Bb7 37.g5 hxg5 38.Nf7+ Ke7 39.Nxg5 Kd6 40.Nf7+ Ke7 41.Ne5 Kd6 42.g3 Ba8
43.f4 Bg2 44.Nd3 Bh3 45.c5+ bxc5+ 46.Nxc5 Bf5 47.Na4 Kc6 48.Nc3 a5 49.Kc4 Bg4
50.Ne4 Bf3 51.Nc5 Bd5+ 52.Kd4 Kd6 53.Nd3 Kc6 54.a4 Bb3 55.Nb2 Kd6 56.Kc3 Bxa4
57.Nxa4 e5 58.fxe5+ Kxe5 59.Kd3 Kf5 60.Ke3 Kg4 61.Kf2 Kh3 62.Kf3 g6 63.Nc3 Kh2
64.Kf4 Kh3 65.Na4 Kg2 66.Kg4 Kh2 67.Kh4 Kg2 68.Nc5 Kf3 69.Kh3 Kf2 70.Kg4 Kg2
71.Kf4 Kh3 72.Kf3 Kh2 73.Na4 Kh3 74.Nc3 Kh2 75.Kg4 Kg2 76.Kh4 Kf3 77.Na4 Kg2
78.Nb6 Kf3 79.Kh3 Kf2 80.Kh4 Kf3  1/2-1/2

[Event "TCh-Vojvodina"]
[Site "Sombor SCG"]
[Date "2004.10.02"]
[Round "10"]
[White "Jovancic,M"]
[Black "Rogac,S"]
[Result "1/2-1/2"]
[WhiteElo "2350"]
[BlackElo "2308"]

1.d4 Nf6 2.c4 e6 3.Nc3 Bb4 4.Nf3 b6 5.Bg5 Bb7 6.Qc2 Bxc3+ 7.bxc3 d6 8.e3 Nbd7
9.Bd3 h6 10.Bh4 Qe7 11.O-O-O O-O-O 12.Kb1 Kb8 13.Rhe1 g5 14.Bg3 Nh5 15.Nd2 Ndf6
16.f3 Nxg3 17.hxg3 Nh5 18.g4 Nf6 19.Rh1 h5 20.gxh5 Rxh5 21.Rxh5 Nxh5 22.Rh1 Nf6
23.e4 Rg8 24.g4 Nd7 25.Qd1 Qf6 26.Kc2 e5 27.Qg1 c5 28.d5 Rh8 29.Rxh8+ Qxh8
30.Nf1 Nf8 31.Ng3 Ng6 32.Nh5 Bc8 33.Kd2 Bd7 34.Qh1 Kc7 35.Bf1 Kd8 36.Be2 Ke7
37.Qc1 Nf4 38.Qa3 Nxh5 39.gxh5 a5 40.Qb2 Qxh5 41.Qxb6 a4 42.a3 Qh1 43.Qb2 Qg2
44.Qc1 g4 45.Qf1 gxf3 46.Qxf3 Qxf3 47.Bxf3 f5 48.exf5 Bxf5 49.Bd1 Bd7 50.Ke3 Kf6
51.Bc2 Kg5 52.Bd1 Kf6 53.Bc2 Be8 54.Bd1 Kg5 55.Bc2 Kg4 56.Be4 Bd7 57.Bf3+ Kg3
58.Be4 Be8 59.Bf3 Kh4 60.Be4 Kg5 61.Bc2 Bd7 62.Bd1 Kh4 63.Bc2 Kg4 64.Bd1+ Kg3
65.Bf3 Bg4 66.Be4  1/2-1/2

[Event "Tatry Open"]
[Site "Tatranske Zruby SVK"]
[Date "2004.10.02"]
[Round "9"]
[White "Stocek,J"]
[Black "Petrik,T"]
[Result "1-0"]
[WhiteElo "2557"]
[BlackElo "2457"]

1.d4 e6 2.c4 Nf6 3.Nc3 Bb4 4.Nf3 c5 5.g3 O-O 6.Bg2 cxd4 7.Nxd4 Nc6 8.O-O Qe7
9.Na4 d5 10.cxd5 exd5 11.Bf4 Bg4 12.h3 Nxd4 13.Qxd4 Bxe2 14.Rfe1 Bxe1 15.Rxe1 a5
16.Nc3 Qb4 17.Qxb4 axb4 18.Nxe2 Rfe8 19.Be3 Rxa2 20.Bd4 h6 21.Bf3 Re6 22.Rd1 Rd6
23.Nf4 Ne4 24.Be5 Rc6 25.Rxd5 Rc4 26.Kg2 Ng5 27.Rd8+ Kh7 28.Bg4  1-0

[Event "36th Olympiad"]
[Site "Calvia ESP"]
[Date "2004.10.18"]
[Round "4"]
[White "Teplitsky,Y"]
[Black "Wells,P"]
[Result "1/2-1/2"]
[WhiteElo "2435"]
[BlackElo "2504"]

1.c4 e6 2.Nc3 Nf6 3.d4 Bb4 4.Nf3 c5 5.g3 cxd4 6.Nxd4 O-O 7.Bg2 d5 8.Qb3 Bxc3+
9.Qxc3 e5 10.Nb3 Nc6 11.Bg5 dxc4 12.Qxc4 Be6 13.Qh4 Bxb3 14.axb3 Nd4 15.O-O Nxe2+
16.Kh1 Nd4 17.f4 h6 18.Bxf6 Qxf6 19.Qxf6 gxf6 20.fxe5 fxe5 21.Bxb7 Rad8 22.Ra5 Rd7
23.Bd5 Rb8 24.Rf2 Kg7 25.Bc4 f6 26.Kg2 Nxb3 27.Ra6 Nc5 28.Raxf6 Rxb2 29.Rc6 Rxf2+
30.Kxf2 Ne4+ 31.Ke3 Nf6 32.Be6 Rb7 33.g4 Kf8 34.h4 Rb6 35.Rxb6 axb6 36.g5 hxg5
37.hxg5 Nh7 38.Ke4 Nxg5+ 39.Kxe5 Ke7 40.Bc4  1/2-1/2

[Event "4th Rohde Open"]
[Site "Sautron FRA"]
[Date "2004.10.23"]
[Round "1"]
[White "Rabhi,C"]
[Black "Abergel,T"]
[Result "0-1"]
[WhiteElo "2094"]
[BlackElo "2428"]

1.d4 Nf6 2.Nf3 e6 3.c4 Bb4+ 4.Nc3 Bxc3+ 5.bxc3 d6 6.g3 b6 7.Bg2 Bb7 8.O-O O-O
9.Bg5 h6 10.Bxf6 Qxf6 11.Qc2 Nc6 12.Rfd1 Na5 13.c5 Rfd8 14.cxd6 cxd6 15.e4 Rac8
16.e5 Qe7 17.exd6 Qxd6 18.Qd3 Qa3 19.Rac1 Qxa2 20.Ra1 Qd5 21.c4 Qxc4 22.Qxc4 Rxc4
23.Ne5 Rc7 24.Bxb7 Rxb7 25.Rac1 b5 26.Rb1 b4  0-1

[Event "36th Olympiad"]
[Site "Calvia ESP"]
[Date "2004.10.24"]
[Round "9"]
[White "Stocek,J"]
[Black "Veingold,A"]
[Result "1-0"]
[WhiteElo "2569"]
[BlackElo "2473"]

1.d4 Nf6 2.c4 e6 3.Nc3 Bb4 4.Nf3 c5 5.g3 cxd4 6.Nxd4 O-O 7.Bg2 d5 8.O-O dxc4
9.Nc2 Bxc3 10.bxc3 Qc7 11.Rb1 Rd8 12.Bf4 Qe7 13.Qc1 Nc6 14.Rd1 Rxd1+ 15.Qxd1 Ne8
16.Nb4 Bd7 17.Nxc6 Bxc6 18.Bxc6 bxc6 19.Qd4 Nf6 20.Qxc4 Qd7 21.Qd4 h6 22.Be5 Qxd4
23.Bxd4 Ne4 24.f3 c5 25.fxe4 cxd4 26.cxd4 Rc8 27.Kf2 Rc2 28.Rb8+ Kh7 29.Rb7 Rxa2
30.Rxf7 Kg6 31.Re7 Kf6 32.Rd7 e5 33.d5 a5 34.Rd6+ Kf7 35.Re6 Rb2 36.Rxe5 Rb6
37.Rf5+ Rf6 38.Rxf6+ gxf6 39.Ke3  1-0

[Event "36th Olympiad"]
[Site "Calvia ESP"]
[Date "2004.10.28"]
[Round "13"]
[White "Moiseenko,A"]
[Black "Izoria,Z"]
[Result "1/2-1/2"]
[WhiteElo "2653"]
[BlackElo "2600"]

1.d4 Nf6 2.c4 e6 3.Nc3 Bb4 4.Nf3 d5 5.Bg5 h6 6.Bxf6 Qxf6 7.e3 O-O 8.Rc1 dxc4
9.Bxc4 c5 10.O-O cxd4 11.Nxd4 Bd7 12.Qb3 Nc6 13.Nce2 Qe7 14.a3 Nxd4 15.Nxd4 Bc5
16.Rfd1 Bb6 17.Bb5 Rfd8 18.Nf3 Bxb5 19.Qxb5 Rxd1+ 20.Rxd1 Rd8  1/2-1/2

[Event "Corsica Masters"]
[Site "Bastia FRA"]
[Date "2004.10.29"]
[Round "3"]
[White "Milov,V"]
[Black "Djuric,S"]
[Result "1-0"]
[WhiteElo "2683"]
[BlackElo "2479"]

1.d4 Nf6 2.c4 e6 3.Nc3 Bb4 4.Nf3 d6 5.Qc2 Nc6 6.g3 O-O 7.Bg2 e5 8.d5 Nd4
9.Nxd4 exd4 10.a3 Bxc3+ 11.bxc3 dxc3 12.O-O Re8 13.Re1 Nd7 14.Qxc3 Nc5 15.e4 Bd7
16.h3 Na4 17.Qd4 c5 18.dxc6 Bxc6 19.Bf4 Nc5 20.Rad1 Ba4 21.Bxd6 Bxd1 22.Rxd1 b6
23.e5 Rc8 24.f4 Ne6 25.Qd5 Qd7 26.f5 Nf8 27.Qd3 Qa4 28.Bd5 Qd7 29.Qf3 Kh8
30.Rd4 f6 31.Rh4 Rxe5 32.Bxe5 fxe5 33.f6 b5 34.Qg4 Qxg4 35.Rxg4 Ng6 36.fxg7+ Kxg7
37.cxb5 Rc5 38.Bc4 Kf6 39.Kf2 h5 40.Re4 Ne7 41.Be2 Nf5 42.Rc4 Rxc4 43.Bxc4 e4
44.Be2 h4 45.gxh4 Nxh4 46.a4 Ke5 47.a5 Kd5 48.Bg4 Ng6 49.Ke3 Ne5 50.Be2 Nd7
51.h4 Ke5 52.h5 Nf6 53.h6 Nd5+ 54.Kd2 Kf6 55.Bc4 Ne7 56.Bg8 Nf5 57.h7 Kg7
58.b6 axb6 59.a6 e3+ 60.Ke1 Nd4 61.a7  1-0

[Event "4th Rohde Open"]
[Site "Sautron FRA"]
[Date "2004.10.31"]
[Round "9"]
[White "Rabhi,C"]
[Black "Dobrev,N"]
[Result "1-0"]
[WhiteElo "2094"]
[BlackElo "2416"]

1.d4 Nf6 2.Nf3 e6 3.c4 Bb4+ 4.Nc3 O-O 5.Qc2 d5 6.e3 b6 7.cxd5 exd5 8.Bd3 a6
9.Bd2 Re8 10.O-O Nc6 11.a3 Bxc3 12.Bxc3 g6 13.b4 Bd7 14.Bb2 Re7 15.Rac1 Ne8
16.Ne5 Nb8 17.a4 b5 18.a5 Be6 19.h4 f6 20.Nc6 Nxc6 21.Qxc6 f5 22.Bc3 Nd6
23.f3 Bf7 24.Rce1 Re6 25.Qxd5 c6 26.Qc5 Nb7 27.Qb6 Qd7 28.d5 cxd5 29.Qd4  1-0

[Event "WYb14"]
[Site "Heraklio GRE"]
[Date "2004.11.10"]
[Round "7"]
[White "Le Quang Liem"]
[Black "Vila Gazquez,Ja"]
[Result "1-0"]
[WhiteElo "2329"]
[BlackElo "2219"]

1.d4 Nf6 2.c4 e6 3.Nc3 Bb4 4.Nf3 b6 5.g3 Bb7 6.Bg2 O-O 7.O-O Bxc3 8.bxc3 d6
9.Qd3 Nbd7 10.Re1 Re8 11.e4 e5 12.Nh4 Nf8 13.f3 Ba6 14.Rd1 c6 15.Qc2 Qc7
16.Qa4 Bc8 17.Bg5 Ng6 18.Nf5 Be6 19.h4 Nh5 20.Rac1 h6 21.Bd2 Nf8 22.Be1 Rad8
23.Ne3 g6 24.Qc2 Bc8 25.Bf2 Nf6 26.Re1 Kg7 27.Rcd1 Ne6 28.Rd2 Bb7 29.Red1 Kg8
30.Rd3 Kg7 31.Qd2 b5 32.cxb5 cxb5 33.Qb2 a6 34.R3d2 Rc8 35.Rc2 Qa5 36.Rcc1 Rcd8
37.Nc2 Nd7 38.dxe5 dxe5 39.c4 Nec5 40.cxb5 f6 41.bxa6 Bxa6 42.Qb4 Qb5 43.Qxb5 Bxb5
44.Na3 Ba4 45.Rd5 Bc6 46.Rd6 Ra8 47.Bxc5 Nxc5 48.Rxc5 Rxa3 49.Rcxc6 Rxa2
50.Rc7+ Kh8 51.Rxf6 Rb8 52.Kh2 h5 53.Re6 Kg8 54.Rxg6+ Kf8 55.Rf6+ Kg8 56.Kh3 Rbb2
57.Rd6  1-0

[Event "WYb14"]
[Site "Heraklio GRE"]
[Date "2004.11.10"]
[Round "8"]
[White "Le Quang Liem"]
[Black "Ludwig,D"]
[Result "1-0"]
[WhiteElo "2329"]
[BlackElo "2308"]

1.d4 Nf6 2.c4 e6 3.Nc3 Bb4 4.Nf3 b6 5.g3 Bb7 6.Bg2 O-O 7.O-O Bxc3 8.bxc3 d6
9.Qd3 Nbd7 10.Re1 Re8 11.e4 e5 12.Nh4 exd4 13.cxd4 c5 14.Nf5 cxd4 15.Qxd4 Nc5
16.Bb2 Re6 17.Rad1 Qf8 18.f3 Ne8 19.h4 Rc8 20.h5 h6 21.Bh3 Rc7 22.Ne3 Re5
23.Bf5 Ree7 24.Ng4 f6 25.Ne3 Ne6 26.Qd3 Ng5 27.Kf2 Ne6 28.Bg6 Nc5 29.Qd2 Rc8
30.Rh1 Rd8 31.Rh4 Nc7 32.Nf5 Red7 33.Rf4 N7e6 34.Nxh6+ Kh8 35.Nf5 Nxf4 36.Qxf4 Ne6
37.Qh4 d5 38.h6 gxh6 39.Bxf6+  1-0

[Event "WYb14"]
[Site "Heraklio GRE"]
[Date "2004.11.13"]
[Round "11"]
[White "Le Quang Liem"]
[Black "Leniart,A"]
[Result "1/2-1/2"]
[WhiteElo "2329"]
[BlackElo "2235"]

1.d4 e6 2.c4 Nf6 3.Nc3 Bb4 4.Nf3 b6 5.g3 Ba6 6.Qb3 c5 7.a3 Ba5 8.Bg2 Nc6
9.O-O Bxc3 10.Qxc3 Rc8 11.dxc5 bxc5 12.b3 O-O 13.Bb2 Qb6 14.Rfe1 d5 15.cxd5 exd5
16.Rac1 Na5 17.Nd2 d4 18.Qc2 Rfe8 19.e3 dxe3 20.Rxe3 Rxe3 21.fxe3 c4 22.Bd4 Qe6
23.bxc4 Nxc4 24.Nxc4 Rxc4 25.Qb2 h6 26.h3 Ne4 27.Rxc4 Bxc4 28.Bxa7 Bd5 29.Qd4 Bc6
30.Bb8 Ng5 31.Qd8+ Kh7 32.Qd3+ g6 33.Bxc6 Qxc6 34.Qf1 Nf3+ 35.Kf2 Nd2 36.Qd3 Ne4+
37.Ke2 Qe6 38.Qc2 Qf5 39.Qc4 Ng5 40.h4 Qf3+ 41.Kd3 Qd1+ 42.Kc3 Qc1+ 43.Kb4 Qb1+
44.Qb3 Qe4+ 45.Kc5 Ne6+ 46.Kd6 Kg8 47.a4 Ng7 48.a5 Nf5+ 49.Kc5 Qe7+ 50.Kb6 Nxe3
51.a6 Qd8+ 52.Kb7 Nd5 53.a7 Qd7+ 54.Ka6 Qc6+ 55.Ka5 Qc5+ 56.Ka6 Nb4+ 57.Qxb4 Qxb4
58.a8=Q Qa4+ 59.Kb7 Qe4+ 60.Ka7 Qa4+  1/2-1/2

[Event "TCh-ISL 2004-5"]
[Site "Reykjavik ISL"]
[Date "2004.11.20"]
[Round "3"]
[White "Jonsson,Bjorn"]
[Black "Einarsson,B"]
[Result "1/2-1/2"]
[WhiteElo "1993"]
[BlackElo "2243"]

1.d4 Nf6 2.c4 e6 3.Nc3 Bb4 4.Nf3 O-O 5.e3 d5 6.Bd3 c5 7.a3 Bxc3+ 8.bxc3 dxc4
9.Bxc4 Qc7 10.Be2 Nc6 11.O-O Rd8 12.Qc2 e5 13.dxe5 Nxe5 14.Nxe5 Qxe5 15.Bb2 Bf5
16.c4 Qxh2+ 17.Kxh2 Bxc2 18.Bxf6 gxf6 19.Bf3 Rab8 20.Bd5 b5 21.Rfc1 Bb3 22.Rc3 Ba4
23.e4 Rbc8 24.cxb5 Bxb5 25.Rac1 c4  1/2-1/2

[Event "17th Belgrade Trophy"]
[Site "Obrenovac SCG"]
[Date "2004.11.22"]
[Round "1"]
[White "Sajic,V"]
[Black "Vojinovic,G"]
[Result "0-1"]
[WhiteElo "2117"]
[BlackElo "2447"]

1.d4 Nf6 2.c4 e6 3.Nc3 Bb4 4.Nf3 b6 5.a3 Bxc3+ 6.bxc3 Bb7 7.e3 O-O 8.Be2 Ne4
9.Bb2 d6 10.O-O Nd7 11.Ne1 f5 12.f3 Nef6 13.Qc2 g6 14.Rd1 Qe7 15.f4 Ne4 16.Nd3 c5
17.Nf2 Ndf6 18.Bf3 Rfd8 19.Qb3 Nxf2 20.Rxf2 Bxf3 21.gxf3 e5 22.fxe5 dxe5
23.d5 e4 24.f4 Ne8 25.Bc1 Nd6 26.Bd2 Kf7 27.Kh1 Qb7 28.Qa4 a6 29.Bc1 b5 30.cxb5 axb5
31.Qb3 Nc4 32.d6 Kg7 33.Bb2 Qa6 34.Bc1 Qa4 35.Qxa4 bxa4 36.Rd5 Rac8 37.Rf1 Rd7
38.Rfd1 Rc6 39.Re1 Rdxd6 40.Red1 Kf7 41.Kg2 Ke6 42.Rxd6+ Rxd6 43.Rxd6+ Nxd6
44.Kf2 Kd5 45.h4 Kc4 46.h5 gxh5 47.Bd2 Kd3 48.Be1 c4  0-1

[Event "17th Belgrade Trophy"]
[Site "Obrenovac SCG"]
[Date "2004.11.23"]
[Round "2"]
[White "Jovanovic,Zo1"]
[Black "Mitrovic,V1"]
[Result "1-0"]
[WhiteElo "2389"]
[BlackElo "1937"]

1.d4 Nf6 2.c4 e6 3.Nf3 Bb4+ 4.Nc3 O-O 5.Bg5 d5 6.e3 Nbd7 7.cxd5 exd5 8.Bd3 c6
9.O-O Re8 10.Qc2 Nf8 11.h3 Be7 12.Bxf6 Bxf6 13.b4 Re7 14.b5 cxb5 15.Nxb5 a6
16.Nc3 Rc7 17.Qd2 Be7 18.Rab1 Be6 19.Ne2 b5 20.Rfc1 Bd6 21.Rxc7 Qxc7 22.Rc1 Qd8
23.Ne5 Rc8 24.f4 f6 25.Nf3 Rxc1+ 26.Nxc1 Qb6 27.Nb3 b4 28.Qc2 Bd7 29.Nc5 Bb5
30.Ne1 Bxd3 31.Nexd3 Ng6 32.Qb3 Ne7 33.Qa4 Qb5 34.Qxa6 Qxa6 35.Nxa6 Nc6 36.Kf2 Kf7
37.g4 h6 38.Ke2 Kg6 39.Kf3 Kf7 40.h4 Kg6 41.h5+ Kf7 42.f5 Ke7 43.Ke2 Kd7
44.Kd2 Kc8 45.Kc2 Kb7 46.Nac5+ Kc8 47.Kd2 Kb8 48.Ne6 Bh2 49.Nxg7 Bg1 50.Nf4 Na5
51.Nxd5 Nc4+ 52.Ke2 Kb7 53.Ne8  1-0

[Event "Bundesliga 2004-5"]
[Site "Stuttgart GER"]
[Date "2004.11.26"]
[Round "7"]
[White "Lorscheid,G"]
[Black "Hertneck,G"]
[Result "0-1"]
[WhiteElo "2274"]
[BlackElo "2552"]

1.d4 Nf6 2.c4 e6 3.Nc3 Bb4 4.Nf3 b6 5.Bg5 Bb7 6.Nd2 h6 7.Bh4 O-O 8.e3 c5
9.a3 Ba5 10.Bd3 d5 11.O-O Nbd7 12.cxd5 exd5 13.Bf5 cxd4 14.exd4 Bxc3 15.bxc3 Qc7
16.Qf3 Rfe8 17.Rfe1 Qc6 18.Bxd7 Nxd7 19.Be7 Nf8 20.Bxf8 Kxf8 21.Qd3 Rxe1+
22.Rxe1 Re8 23.Rxe8+ Qxe8 24.Nf3 Qa4 25.h3 Qxa3 26.Qh7 Qxc3 27.Qh8+ Ke7 28.Qxg7 Qc1+
29.Kh2 Qf4+ 30.Kg1 Bc8 31.Ne5 Qc1+ 32.Kh2 Be6 33.Qh8 Bd7 34.g3 Qf1 35.Qg7 Qxf2+
36.Kh1 Bxh3 37.Ng6+ Kd7 38.Nf4 Be6  0-1

[Event "XLIII WJun"]
[Site "Kochin IND"]
[Date "2004.11.27"]
[Round "11"]
[White "Jianu,V"]
[Black "Petrosian,TL"]
[Result "0-1"]
[WhiteElo "2444"]
[BlackElo "2539"]

1.d4 Nf6 2.c4 e6 3.Nc3 Bb4 4.Nf3 b6 5.Bg5 Bb7 6.Nd2 h6 7.Bh4 O-O 8.e3 c5
9.a3 cxd4 10.axb4 dxc3 11.bxc3 a5 12.Be2 Bxg2 13.Rg1 Bb7 14.Bf3 d5 15.Ne4 dxe4
16.Qxd8 Rxd8 17.Bxf6 Nd7 18.Bxd8 exf3 19.Be7 Ne5 20.bxa5 bxa5 21.O-O-O Kh7
22.Rd4 Rc8 23.c5 Ba6 24.Kc2 f5 25.Rb1 Ng4 26.Bh4 Rxc5 27.Rb6 Bc4 28.h3 Ne5
29.Bg3 Nc6 30.Rd7 Bd5 31.Bd6 Be4+ 32.Kb2 Rd5 33.Rbb7 Kg6 34.Bf8 Rxd7 35.Rxd7 Ne5
36.Rxg7+ Kf6 37.Kc1 Nd3+ 38.Kd2 Nxf2 39.Rh7 Nh1  0-1

[Event "Bundesliga 2004-5"]
[Site "Wattenscheid GER"]
[Date "2004.11.27"]
[Round "3"]
[White "Johannessen,LE"]
[Black "Chuchelov,V"]
[Result "1/2-1/2"]
[WhiteElo "2519"]
[BlackElo "2571"]

1.d4 Nf6 2.c4 e6 3.Nc3 Bb4 4.Nf3 b6 5.Bg5 Bb7 6.e3 h6 7.Bh4 Bxc3+ 8.bxc3 d6
9.Nd2 Nbd7 10.f3 Qe7 11.Qa4 O-O 12.Bd3 e5 13.e4 Qe6 14.O-O Nh5 15.Rfe1 Nf4
16.Bc2 a6 17.Bg3 Rfd8 18.Qb3 Qf6 19.Qb2 h5 20.Nf1 h4 21.Bxf4 Qxf4 22.Qc1 Qf6
23.Ne3 Nf8 24.Qd2 Ne6 25.Rad1 g6 26.Rf1 Qg5 27.Nd5 Qxd2 28.Rxd2 Kg7 29.Rfd1 Rh8
30.Ba4 Rad8 31.dxe5 Bxd5 32.cxd5 Nc5 33.exd6 Nxa4 34.dxc7 Rd7 35.d6 Kf6 36.f4 Nxc3
37.e5+ Kf5 38.Rc1 Ne4 39.Rd5 Nc5 40.Rdxc5 bxc5 41.g3 f6 42.Rxc5 Rc8 43.Kf2 g5
44.Ke3 hxg3 45.hxg3 gxf4+ 46.gxf4 Rh7 47.Kd4 Ke6 48.Rc3 fxe5+ 49.fxe5 Rd7
50.Rc6 a5 51.a4 Rh7 52.Rb6 Rd7 53.Ke4 Rh7 54.Rb8 Rh4+ 55.Kd3 Kd7 56.e6+ Kxe6
57.Rxc8 Kxd6  1/2-1/2

[Event "TCh-SWE Elitserien 2004-5"]
[Site "Stockholm/Eksjo SWE"]
[Date "2004.12.04"]
[Round "4"]
[White "Ahlander,B"]
[Black "Hamark,J"]
[Result "0-1"]
[WhiteElo "2411"]
[BlackElo "2222"]

1.d4 Nf6 2.c4 e6 3.Nc3 Bb4 4.Nf3 b6 5.g3 Ne4 6.Qb3 Bxc3+ 7.bxc3 Bb7 8.Bg2 O-O
9.O-O Nc6 10.c5 Na5 11.Qb4 d6 12.Be3 Nc6 13.Qb2 Qe7 14.Qc2 Na5 15.Ne1 Nf6
16.f3 dxc5 17.dxc5 e5 18.Kh1 Rad8 19.Qf5 Nc4 20.Bg5 h6 21.Bc1 Bc8 22.Qc2 Qxc5
23.Nd3 Ne3 24.Qa4 Rxd3 25.exd3 Nxf1 26.Ba3 Qxc3 27.Rc1 Qd2 28.Bxf1 c5 29.Qxa7 Qxa2
30.d4 exd4 31.Bc4 Qf2 32.Rf1 Qc2 33.Rc1 Qf2 34.Rf1 Qc2 35.Rc1 Qf5 36.Kg2 Be6
37.Qxb6 Bxc4 38.Rxc4 Re8 39.Qb2 Re3 40.Qf2 Rxa3  0-1

[Event "UTD GM"]
[Site "Dallas USA"]
[Date "2004.12.09"]
[Round "3"]
[White "Moiseenko,A"]
[Black "Vavrak,P"]
[Result "1-0"]
[WhiteElo "2653"]
[BlackElo "2388"]

1.d4 e6 2.c4 Nf6 3.Nc3 Bb4 4.Nf3 b6 5.Bg5 Bb7 6.Nd2 c5 7.d5 Bxc3 8.bxc3 h6
9.Bh4 Qe7 10.f3 g5 11.Bg3 Nh5 12.Bf2 exd5 13.cxd5 Bxd5 14.e4 Be6 15.Nc4 Bxc4
16.Bxc4 Nc6 17.O-O Nf4 18.Kh1 h5 19.Qd2 Ne5 20.Ba6 h4 21.Be3 Qf6 22.a4 Kf8
23.Rad1 Rd8 24.Qf2 Kg7 25.Rd2 Neg6 26.Rfd1 Qxc3 27.Rd6 Ne5 28.Bc1 Qb3 29.Bb2 f6
30.Bb5 a6 31.Bf1 Qxa4 32.Qd2 Qb3 33.Rxf6 Kxf6 34.Bxe5+ Kg6 35.Bxh8 Rxh8 36.Qxd7 Rf8
37.Rd6+ Rf6 38.Qf5+  1-0

[Event "UTD GM"]
[Site "Dallas USA"]
[Date "2004.12.11"]
[Round "5"]
[White "Moiseenko,A"]
[Black "Mahesh Chandran,P"]
[Result "1/2-1/2"]
[WhiteElo "2653"]
[BlackElo "2482"]

1.d4 Nf6 2.c4 e6 3.Nc3 Bb4 4.Nf3 b6 5.Bg5 Bb7 6.Nd2 h6 7.Bh4 c5 8.d5 Bxc3
9.bxc3 d6 10.e4 e5 11.Bd3 Nbd7 12.f3 g5 13.Bf2 Nf8 14.Nf1 Ng6 15.Ne3 Kd7
16.Qb3 Kc7 17.Rb1 Nd7 18.Rb2 h5 19.g3 h4 20.g4 Qf6  1/2-1/2

[Event "XVII Torre Mem KO"]
[Site "Yucatan MEX"]
[Date "2004.12.18"]
[Round "2.2"]
[White "Ivanchuk,V"]
[Black "Tiviakov,S"]
[Result "1/2-1/2"]
[WhiteElo "2705"]
[BlackElo "2617"]

1.d4 Nf6 2.c4 e6 3.Nc3 Bb4 4.Nf3 b6 5.Bg5 Bb7 6.Qb3 c5 7.a3 Bxc3+ 8.Qxc3 d6
9.dxc5 bxc5 10.Rd1 a5 11.e3 Ra6 12.Nd2 Nbd7 13.f3 O-O 14.Bd3 Qb6 15.O-O Rb8
16.Rb1 Bc6 17.b3 Qb7 18.Rb2 Rb6 19.Rfb1 Qa7 20.Bc2 Ba8 21.Bh4 Re8 22.Rd1 h6
23.Kh1 Rc8 24.Rbb1 Bc6 25.e4 Ne8 26.Bf2 Qa6 27.Nf1 Ba8 28.Ne3 Ne5 29.Bg3 f6
30.h3 a4 31.bxa4 Rxb1 32.Rxb1 Nc6 33.Be1 Nd4 34.a5 Bc6 35.Bd3 Nc7 36.Nc2 Nxc2
37.Bxc2 e5 38.Qb2 Qa8 39.Bd1 Kf7 40.Kg1 Ke7 41.Kf2 Ne6 42.Qb6 Nf8 43.a6 Nd7
44.Qa5 Qa7 45.Ba4 Rb8 46.Bb5 Rb6 47.Rd1 Nb8 48.Qd2 Bxb5 49.cxb5 Rxb5 50.Qxd6+ Kf7
51.a4 Rb2+ 52.Rd2 Rb1 53.Kg3 Qxa6 54.Qxc5 Qxa4 55.Rd8 Rxe1 56.Rxb8 Qd7 57.Qb4 Rc1
58.Rb7 Rc7 59.Rxc7  1/2-1/2

[Event "Stepchev Memorial"]
[Site "Kiev UKR"]
[Date "2004.12.24"]
[Round "4"]
[White "Shishkin,Va"]
[Black "Golichenko,I"]
[Result "1/2-1/2"]
[WhiteElo "2480"]
[BlackElo "2240"]

1.d4 Nf6 2.c4 e6 3.Nc3 Bb4 4.Nf3 b6 5.Qb3 Bxc3+ 6.Qxc3 Bb7 7.g3 Ne4 8.Qc2 f5
9.Bg2 O-O 10.O-O Nf6 11.b4 Be4 12.Qc3 d6 13.Rd1 Qe7 14.Bb2 Nbd7 15.Rac1 h6
16.d5 e5 17.Nh4 f4 18.gxf4 Nh5 19.Bxe4 Qxh4 20.e3 exf4 21.f3 Ne5 22.Qe1 Qg5+
23.Kh1 fxe3 24.Bxe5 Qxe5 25.Qxe3 Rf4 26.Qd4 Qe7 27.c5 Raf8 28.cxd6 cxd6 29.Rg1 Rh4
30.Qd2 Nf4 31.Rg3 Nh3 32.Re1 Qf6 33.Rg6 Qe5 34.Rg3 Qf6 35.Rg6 Qe5  1/2-1/2

[Event "Open A"]
[Site "Krakow POL"]
[Date "2004.12.27"]
[Round "1"]
[White "Turlej,L"]
[Black "Bindrich,F"]
[Result "0-1"]
[WhiteElo "2133"]
[BlackElo "2351"]

1.d4 Nf6 2.c4 e6 3.Nc3 Bb4 4.Nf3 b6 5.e3 Bb7 6.Be2 O-O 7.O-O c5 8.Qc2 cxd4
9.exd4 d5 10.Bf4 dxc4 11.Nb5 Nd5 12.Ng5 g6 13.Bf3 a6 14.Nc7 Nxf4 15.Nxa8 Bxa8
16.Bxa8 Qxg5 17.Qxc4 Bd6 18.a4 a5 19.Rae1 Nd7 20.Bb7 Nf6 21.Qb3 Ng4 22.h3 Nh6
23.Kh1 Nf5 24.Rd1 Ne2 25.Qf3 Nexd4 26.Qe4 Bc5  0-1